[Event "Valby K41 Spring-C"]
[Site "Valby"]
[Date "2007.05.08"]
[Round "6"]
[White "Sorensen, Hans Erik Them"]
[Black "Ringsborg, Allan"]
[Result "1/2-1/2"]
[WhiteElo "1587"]
[BlackElo "1551"]
[PlyCount "61"]
[EventDate "2007.03.13"]
[EventType "tourn"]
[EventRounds "7"]
[EventCountry "DEN"]
[SourceTitle "EXT 2023"]
[Source "ChessBase"]
[SourceDate "2022.10.05"]
[SourceVersion "1"]
[SourceVersionDate "2022.10.05"]
[SourceQuality "1"]

1. d4 f5 2. c4 Nf6 3. Nc3 e6 4. Nf3 Be7 5. e3 d6 6. b3 c6 7. Qc2 Na6 8. Bd2 Bd7 9. a3 h6 10. Bd3 Qc7 11. b4 Rc8 12. c5 Nb8 13. e4 Nxe4 14. Nxe4 fxe4 15. Bxe4 Bf6 16. Bg6+ Ke7 17. 0-0 Rcf8 18. Rae1 Kd8 19. Qd3 Kc8 20. Bh5 Bg5 21. Nxg5 hxg5 22. Bg4 dxc5 23. h3 cxd4 24. Qxd4 Qd8 25. Qe5 Qf6 26. Bxg5 Qxe5 27. Rxe5 Na6 28. Be7 Re8 29. Bd6 Nc7 30. Rc1 Kd8 31. a4 1/2-1/2

[Event "Valby K41 Spring-C"]
[Site "Valby"]
[Date "2007.04.17"]
[Round "3"]
[White "Jorgensen, Orla Eilegaard"]
[Black "Sorensen, Hans Erik Them"]
[Result "1/2-1/2"]
[WhiteElo "1511"]
[BlackElo "1587"]
[PlyCount "52"]
[EventDate "2007.03.13"]
[EventType "tourn"]
[EventRounds "7"]
[EventCountry "DEN"]
[SourceTitle "EXT 2023"]
[Source "ChessBase"]
[SourceDate "2022.10.05"]
[SourceVersion "1"]
[SourceVersionDate "2022.10.05"]
[SourceQuality "1"]

1. e4 c5 2. f4 Nc6 3. Nf3 d6 4. Nc3 f5 5. Bc4 fxe4 6. Ng5 Nh6 7. h3 e5 8. 0-0 exf4 9. Ngxe4 Bf5 10. Rxf4 Qd7 11. d3 0-0-0 12. a3 Nd4 13. b4 Nf7 14. bxc5 dxc5 15. Rb1 Ne5 16. Bd5 Nec6 17. Be3 Be7 18. a4 g5 19. Rf2 g4 20. Bxc6 Qxc6 21. Bxd4 cxd4 22. Nb5 Qg6 23. hxg4 Bxg4 24. Nxa7+ Kb8 25. Nc6+ Qxc6 26. Qxg4 Qxa4 1/2-1/2

[Event "Valby K41 Spring-C"]
[Site "Valby"]
[Date "2007.03.27"]
[Round "2"]
[White "Sorensen, Hans Erik Them"]
[Black "Mouritsen, Jan"]
[Result "0-1"]
[WhiteElo "1587"]
[BlackElo "1653"]
[PlyCount "74"]
[EventDate "2007.03.13"]
[EventType "tourn"]
[EventRounds "7"]
[EventCountry "DEN"]
[SourceTitle "EXT 2023"]
[Source "ChessBase"]
[SourceDate "2022.10.05"]
[SourceVersion "1"]
[SourceVersionDate "2022.10.05"]
[SourceQuality "1"]

1. d4 d5 2. Nf3 Nf6 3. c4 e6 4. Nc3 c6 5. Bg5 Nbd7 6. e3 Be7 7. Qc2 0-0 8. Bd3 dxc4 9. Bxc4 b5 10. Bd3 Bb7 11. 0-0 h6 12. Bh4 a6 13. Rac1 c5 14. dxc5 Nxc5 15. Be2 Qb6 16. b4 Ncd7 17. Qb2 Rac8 18. Nd2 Qd6 19. a3 Qb8 20. Bf3 Bd6 21. Bg3 Ne5 22. Bxb7 Qxb7 23. Qb1 Rfd8 24. Nce4 Nxe4 25. Nxe4 Bb8 26. Nc5 Qb6 27. Rfd1 Nc4 28. Nd7 Qb7 29. Nxb8 e5 30. Rxd8+ Rxd8 31. Nc6 Qxc6 32. Bxe5 Qd5 33. Bd4 Rd6 34. Qd3 Rg6 35. g3 Ne5 36. Rc8+ Kh7 37. e4 Qxd4 0-1

[Event "Valby K41 op 0607"]
[Site "Valby"]
[Date "2006.12.05"]
[Round "3"]
[White "Sorensen, Hans Erik Them"]
[Black "Nielsen, Jens Holm"]
[Result "1/2-1/2"]
[WhiteElo "1544"]
[BlackElo "1780"]
[PlyCount "41"]
[EventDate "2006.11.14"]
[EventType "swiss"]
[EventRounds "9"]
[EventCountry "DEN"]
[SourceTitle "EXT 2018"]
[Source "ChessBase"]
[SourceDate "2017.10.13"]
[SourceVersion "1"]
[SourceVersionDate "2017.10.13"]
[SourceQuality "1"]

1. d4 d5 2. c4 e6 3. Nc3 Nf6 4. e3 Nbd7 5. a3 c5 6. cxd5 Nxd5 7. Nxd5 exd5 8. dxc5 Nxc5 9. b4 Ne6 10. Nf3 Be7 11. Bb5+ Kf8 12. Bb2 a5 13. Qa4 Nc7 14. bxa5 Nxb5 15. Qxb5 Rxa5 16. Qb3 Bd7 17. Nd4 b6 18. 0-0 h5 19. Bc3 Ra8 20. Bb4 Rh6 21. Qxd5 1/2-1/2

[Event "Valby K41 op 0607"]
[Site "Valby"]
[Date "2006.11.21"]
[Round "2"]
[White "Brondum, Eric"]
[Black "Sorensen, Hans Erik Them"]
[Result "1-0"]
[WhiteElo "2100"]
[BlackElo "1544"]
[PlyCount "37"]
[EventDate "2006.11.14"]
[EventType "swiss"]
[EventRounds "9"]
[EventCountry "DEN"]
[SourceTitle "EXT 2018"]
[Source "ChessBase"]
[SourceDate "2017.10.13"]
[SourceVersion "1"]
[SourceVersionDate "2017.10.13"]
[SourceQuality "1"]

1. d4 f5 2. Nc3 Nf6 3. Bg5 e6 4. e4 fxe4 5. Nxe4 Be7 6. Nxf6+ Bxf6 7. h4 0-0 8. Bd3 Qe8 9. Nf3 Nc6 10. c3 d6 11. Qc2 g6 12. h5 Ne7 13. 0-0-0 Kg7 14. hxg6 Bxg5+ 15. Nxg5 h6 16. Nf7 Rxf7 17. gxf7 Qxf7 18. Qd2 Ng8 19. Rh3 1-0